La cinematografía y las relaciones hispanoamericanas (Record no. 134274)

MARC details
000 -LEADER
campo de control de longitud fija 00848nam a2200217 i 4500
001 - NÚMERO DE CONTROL
campo de control 134274
003 - IDENTIFICADOR DE NÚMERO DE CONTROL
campo de control ES-MaACL
005 - FECHA Y HORA DE LA ÚLTIMA TRANSACCIÓN
campo de control 20240424193615.0
007 - CAMPO FIJO DE DESCRIPCIÓN FÍSICA--INFORMACIÓN GENERAL
campo de control de longitud fija t|
008 - DATOS DE LONGITUD FIJA--INFORMACIÓN GENERAL
campo de control de longitud fija 070907s1932 sp |||| | spa d
080 ## - NÚMERO DE LA CLASIFICACIÓN DECIMAL UNIVERSAL
Número de la Clasificación Decimal Universal 791.43:016:341.645(72)
100 1# - ENTRADA PRINCIPAL--NOMBRE DE PERSONA
Nombre de persona Viola, Fernando.
9 (RLIN) 115407
245 13 - MENCIÓN DEL TÍTULO
Título La cinematografía y las relaciones hispanoamericanas
Resto del título : conferencia pronunciada en el Ateneo Científico de Madrid, el día 12 de abril de 1932, con unas palabras previas del Dr. Rodolfo Reyes /
Mención de responsabilidad, etc. Fernando Viola.
260 ## - PUBLICACIÓN, DISTRIBUCIÓN, ETC.
Lugar de publicación, distribución, etc. Madrid :
Nombre del editor, distribuidor, etc. [s.n.],
Fecha de publicación, distribución, etc. 1932 (
Fabricante Imp. de los Hijos de M.G. Hernández)
300 ## - DESCRIPCIÓN FÍSICA
Extensión 51 p. ;
Dimensiones 16 cm.
610 24 - PUNTO DE ACCESO ADICIONAL DE MATERIA--NOMBRE DE ENTIDAD CORPORATIVA
Nombre de entidad corporativa o nombre de jurisdicción como elemento de entrada Ateneo de Madrid-
Subdivisión de forma Conferencias-
Subdivisión cronológica 1900-1939
9 (RLIN) 1907
650 14 - PUNTO DE ACCESO ADICIONAL DE MATERIA--TÉRMINO DE MATERIA
Término de materia o nombre geográfico como elemento de entrada Cine-
Subdivisión geográfica América Latina.
9 (RLIN) 11013
700 1# - ENTRADA AGREGADA--NOMBRE PERSONAL
Nombre de persona Reyes, Rodolfo,
Fechas asociadas al nombre 1878-1954
9 (RLIN) 96574
852 ## - LOCALIZACIÓN
Ubicación ES-MaACL
Número de control de estantería 2239-F-21
Holdings
Estatus retirado Estado de pérdida Estado de daño No para préstamo Colección Biblioteca de origen Biblioteca actual Ubicación en estantería Fecha de adquisición Fuente de adquisición Total de préstamos Signatura topográfica completa Código de barras Visto por última vez Precio de reemplazo Tipo de ítem Koha
        Colección de folletos Biblioteca del Ateneo de Madrid Biblioteca del Ateneo de Madrid Depósito folletos 17/01/2008     2239-F-21 1139768 23/02/2023 23/02/2023 Folleto